|
|
|
|
| LEADER |
00000ny a22000003n 4500 |
| 005 |
20110603143113.0 |
| 008 |
080609s1997 sp s 000 0 spa c |
| 020 |
|
|
|a 8489382514
|
| 035 |
|
|
|a 1537
|
| 040 |
|
|
|a UMA.RE
|d vLex
|
| 080 |
|
|
|a 366.1(0.034)
|
| 080 |
|
|
|a 658(0.034)
|
| 090 |
|
|
|c 450
|d 450
|
| 100 |
1 |
|
|a Bernardos Domn̕guez, Gonzalo
|
| 245 |
1 |
4 |
|a Els agents economics
|h [Recurso electrn̤ico]
|b consumidors i empreses /
|c Gonzalo Bernardos Domn̕guez, Joan Tugores Ques
|
| 256 |
|
|
|a Servicio en ln̕ea
|
| 260 |
|
|
|a Barcelona :
|b Edicions de la Universitat Oberta de Catalunya,
|c 1997
|
| 506 |
1 |
|
|a Contenido solo disponible en los productos indicados
|d vLex Global
|d vLex Global (Academic Edition, excluding Law Schools)
|d vLex Global (U.S. Academic Edition, Law Schools)
|d vLex Global (U.S. Academic Edition, excluding Law Schools)
|d vLex Global (Academic Edition, Law Schools)
|
| 650 |
0 |
7 |
|2 Tesauro vLex
|a Derecho de los consumidores y usuarios
|
| 650 |
0 |
7 |
|2 Tesauro vLex
|a Civil
|
| 650 |
0 |
7 |
|2 Tesauro vLex
|a Consumidores
|
| 650 |
0 |
7 |
|2 Tesauro vLex
|a Consumidores y usuarios
|
| 650 |
0 |
7 |
|2 Tesauro vLex
|a Empresa mercantil
|
| 700 |
1 |
|
|a Tugores Ques, Joan
|
| 740 |
0 |
|
|a vLex Libros (Servicios en ln̕ea)
|
| 856 |
4 |
0 |
|z Acceso restringido
|u http://vlex.com/source/agents-economics-1537
|
| 942 |
|
|
|c BOOK
|
| 999 |
0 |
|
|b Civil Law
|